000 00464nam a2200157 a 4500
001 000029349
005 20200930055507.0
008 110415s1955 dr 000 0 spa d
040 _aDO-SdBNP
_bspa
_cBNPHU
082 _axxx
_b471a
245 0 0 _aThe fight against illiteracy in the Dominican Republic.
260 _aCiudad Trujillo :
_bEditora del Caribe,
_c1955.
300 _a10 p. ;
_c24 cm.
500 _aYear of the benefactor of the republic
049 _aBNPD
999 _c28841
_d28841